000
00315nam a2200133Ia 4500
008
100328s9999 xx 000 0 und d
082
_b
8413
100
_a
Wodehouse P. G.
245
_a
The Old Reliable
260
_b
Herhert Jenkins
630
_a
The Old Reliable
730
_a
The Old Reliable
942
_c
BOOK
999
_c
504196
_d
504193